| 000 | 00615nam a22002177a 4500 | ||
|---|---|---|---|
| 999 |
_c17244 _d17244 |
||
| 003 | AR-CdUCM | ||
| 008 | 190507b ||||| |||| 00| 0 spa d | ||
| 040 |
_aMUNICIPALIDAD PROVINCIAL DEL CUSCO _cBIBLIOTECA MUNICIPAL DEL CUSCO |
||
| 082 |
_a985.061 / _bA32 |
||
| 100 |
_aAlayza y Paz Soldán, Luis _937135 |
||
| 245 | _aLa Breña 1883 / | ||
| 260 |
_aLima : _c1954. |
||
| 300 |
_a309 paginas ; _c17 cm. |
||
| 505 | _aContenido :Guerra con Chile / | ||
| 650 |
_aPerú _935 |
||
| 650 |
_aChile _91150 |
||
| 650 |
_aHistoria _9136 |
||
| 650 |
_aGuerra _91007 |
||
| 942 |
_2ddc _cLIBROS |
||
| 945 |
_arjall _d2019-05-07 |
||